[Event "Frankfurt-chB"]
[Site "Frankfurt"]
[Date "2017.05.15"]
[Round "4"]
[White "Ullrich, Lars"]
[Black "Mayer, Andreas"]
[Result "0-1"]
[WhiteElo "1246"]
[BlackElo "1434"]
[PlyCount "44"]
[EventDate "2017.04.24"]
[EventType "swiss"]
[EventRounds "7"]
[EventCountry "GER"]
[SourceTitle "EXT 2018"]
[Source "ChessBase"]
[SourceDate "2017.10.13"]
[SourceVersion "1"]
[SourceVersionDate "2017.10.13"]
[SourceQuality "1"]

1. d4 d5 2. c4 e5 3. dxe5 d4 4. Nf3 Nc6 5. a3 Nge7 6. e3 Nf5 7. exd4 Nfxd4 8. Nxd4 Qxd4 9. Qxd4 Nxd4 10. Kd1 Bg4+ 11. f3 Nxf3 12. b3 0-0-0+ 13. Kc2 Nxe5 14. Nc3 Bf5+ 15. Kb2 Nd3+ 16. Bxd3 Rxd3 17. Bf4 Bc5 18. Rhe1 Bd4 19. Rac1 Kd7 20. Red1 Bxc3+ 21. Ka2 Rxd1 22. Rxd1+ Kc8 0-1

[Event "Frankfurt-chB"]
[Site "Frankfurt"]
[Date "2017.05.02"]
[Round "2"]
[White "Kiel, Gerhard"]
[Black "Ullrich, Lars"]
[Result "1/2-1/2"]
[WhiteElo "1441"]
[BlackElo "1246"]
[PlyCount "74"]
[EventDate "2017.04.24"]
[EventType "swiss"]
[EventRounds "7"]
[EventCountry "GER"]
[SourceTitle "EXT 2018"]
[Source "ChessBase"]
[SourceDate "2017.10.13"]
[SourceVersion "1"]
[SourceVersionDate "2017.10.13"]
[SourceQuality "1"]

1. d4 d5 2. Nf3 Nf6 3. Nc3 e6 4. Bf4 c5 5. e3 Nc6 6. Nb5 Be7 7. Nc7+ Kf8 8. Nxa8 Bd6 9. Bxd6+ Qxd6 10. dxc5 Qxc5 11. c3 Qd6 12. Nb6 axb6 13. Qa4 Ke7 14. Qa3 Bd7 15. Qxd6+ Kxd6 16. 0-0-0 Ne4 17. Be2 Nxf2 18. Rhf1 Nxd1 19. Bxd1 h6 20. Nd4 Ne5 21. Be2 Ke7 22. h3 Rc8 23. Rf4 g5 24. Rf1 Nc4 25. Bxc4 Rxc4 26. Kd2 b5 27. b4 e5 28. Nb3 f6 29. e4 Rxe4 30. Nc5 Rf4 31. Rxf4 gxf4 32. Nxb7 e4 33. Nc5 Kd6 34. Ke2 Be6 35. a3 f5 36. Nb3 Bf7 37. Nd4 Be8 1/2-1/2